000 00851nam a22002177a 4500
999 _c176392
_d176392
005 20201217152541.0
010 _aENG-128694
020 _a978-93-534-3744-2
_c650.00
035 _aEN-112226
037 _bDBAD/PUB
082 _a174.4
100 _aFernando, A. C.
245 _aBusiness Ethics: an Indian Perspective/
_cA. C. Fernando, K. P. Muraleedharan, and E. K. Satheesh
250 _a3rd
260 _aUttar Pradesh
_bPearson India Education Services Pvt. Ltd.
_c2019
270 _bUttar Pradesh
_e201301
_a15th Floor, Tower-B, World Trade Tower, Plot No.- 1, Block-C, Sector-16, Noida
_mcompanysecretary.india@pearson.com
_k044-66540100
300 _axxviii+588p.
_c25cm(pbk)
_bIncluding illustrations, Tables and Index.
700 _aMuraleedharan, K. P.
700 _aSatheesh, E. K.
942 _2ddc
_cEN
_h174.4
_mFER